000 01054cam a2200265 a 4500
001 000014973
005 20200929163931.0
008 990210s1998 mx b 001 0 spa d
020 _a9686101837
035 _a(DLC) 99171808
040 _aDO-SdBNP
_cDLC
_dDLC
043 _an-mx---
050 0 0 _aP91.5.M6
_bF83 1998
082 _annn
_bF954e
100 1 _aFuentes Navarro, Raúl.
_933900
245 1 3 _aLa emergencia de un campo académico :
_bcontinuidad utópica y estructuración científica de la investigación de la comunicación en México /
_cRaúl Fuentes Navarro.
260 _aJalisco, México :
_bUniversidad de Guadalajara,
_bInstituto Tecnológico y de Estudios Superiores de Occidente,
_c1998.
300 _a416 p. ;
_c23 cm.
504 _aIncluye referencias bibliográficas (p. [363]-409).
650 0 _aCommunication
_xResearch
_zMexico
_xHistory.
_933901
650 0 _aCommunication
_xStudy and teaching (higher)
_zMexico
_xHistory.
_933902
910 _aCatalogación por copia / LC
082 0 0 _a302.2/07/2072
_221
049 _aBNGR
999 _c14547
_d14547